top 50 "GOAT"s of different sports - Statistics

General Stats
  • This quiz has been taken 209 times
  • The average score is 25 of 50
Answer Stats
Rank Sport Carrer Answer % Correct
3 Soccer 2004-present Lionel Messi
98%
7 Basketball 1984-93,98-2003 Michael Jordan
97%
5 Basketball 2003-present Lebron James
95%
20 Soccer 2003-present Christiano Ronaldo
93%
2 Swimming 2000-2016 Michael Phelps
93%
6 Golf 1996-present Tiger Woods
93%
9 Boxing 1961-1980 Muhammed Ali
91%
13 Soccer 1956-1977 Pele
89%
4 Track (M) 2001-2017 Usain Bolt
89%
10 Tennis (W) 1995-present Serena Williams
88%
8 Football 2000-2022 Tom Brady
84%
12 Tennis (M) 1998-2022 Roger Federer
81%
1 Hockey 1978-1999 Wayne Gretzky
78%
22 Tennis (M) 2003-present Novak Djokovic
77%
32 Boxing 1985-2005 Mike Tyson
75%
17 Baseball 1914-1935 Babe Ruth
70%
27 Tennis 2001-present Rafael Nadal
70%
36 Basketball 1996-2016 Kobe Bryant
68%
18 Skateboarding 1982-2003 Tony Hawk
67%
11 Gymnastics 2012-present Simone Biles
64%
34 Soccer 1976-1997 Diego Maradona
59%
29 F1 1991-2012 Michael Schumacher
59%
45 Basketball 2009-present Stephen Curry
55%
14 MMA 2008-present Jon Jones
53%
25 Basketball 1970-1989 Kareem Abdul-Jabbar
52%
23 Boxing 1996-2017 Floyd Mayweather
45%
42 Basketball 1959-1973 Wilt Chamberlain
45%
15 Track (M) 1934-1937 Jesse Owens
41%
43 Soccer 1989-2006 Zinedine Zidane
37%
16 Baseball 1986-2007 Barry Bonds
36%
26 Hockey 2005-present Alexander Ovechkin
32%
24 Football 1979-1994 Joe Montana
32%
21 Golf 1962-1986 Jack Nicklaus
30%
28 Hockey 2005-present Sidney Crosby
28%
37 Golf 1955-1973 Arnold Palmer
25%
31 Snowboarding 2000-2022 Shaun White
23%
19 Hockey 1946-1971 Gordie Howe
22%
33 Soccer (W) 2011-present Alex Morgan
21%
44 NASCAR 1975-2001 Dale Earnhardt Sr.
19%
49 Tennis (W) 1959-1983 Billie Jean King
18%
46 Baseball 1945-1956 Jackie Robinson
16%
47 Hockey 1990-2018 Jaromir Jagr
16%
41 Hockey 1984-2006 Mario Lemieux
16%
40 Skiing (W) 2000-2019 Lindsay Vonn
14%
30 MMA 2012-2021 Khabib Nurmagomedov
12%
38 Baseball 1951-1973 Willie Mays
12%
39 MMA 1950-1973 Bruce Lee
9%
48 Surfing 1990-present Kelly Slater
9%
50 Lacrosse 2008-2021 Paul Rabil
5%
35 MMA 2008-present Connor Mcgreggor
4%
No matching quizzes found
Score Distribution
Percent of People with Each Score
Percentile by Number Answered
Your Score History
You have not taken this quiz